00244nam a2200109Ia 4500008004100000041001200041082001100053100001600064245004100080260000600121650000700127221030s9999 xx 000 0 und d aEnglish a105.23 aG. S. Gupta 0aManagerial Economicscby G. S. Gupta c0 aMb